Rhymes With Jump Quiz Stats

 Plays Quiz Updated Nov 6, 2014

Also try: Rhymes With Oak
Challenge
Share
Tweet
Embed
Score 0/22 Timer 04:00
4 Plays Today
% Correct
dump
97.6%
bump
97.3%
lump
96.2%
hump
95.6%
rump
94%
pump
91.4%
trump
83.1%
clump
82.7%
stump
81.4%
crump
80.6%
sump
80.5%
% Correct
frump
78.4%
grump
77.4%
slump
74.9%
chump
70.3%
plump
65%
thump
61.4%
flump
57.1%
tump
56.3%
ump
47.8%
whump
28.5%
schlump
9.8%

You're not logged in!

Compare scores with friends on all Sporcle quizzes.
OR
Log In

You Might Also Like...

Show Comments

Extras

Top Quizzes Today


Score Distribution

Your Account Isn't Verified!

In order to create a playlist on Sporcle, you need to verify the email address you used during registration. Go to your Sporcle Settings to finish the process.

Report this User

Report this user for behavior that violates our Community Guidelines.

Details: